| 000 | 00503nam a2200181Ia 4500 | ||
|---|---|---|---|
| 008 | 230718s9999 xx 000 0 und d | ||
| 020 | _a0-13-637992-3 | ||
| 041 | _aeng | ||
| 082 |
_a621.38 _bCOU |
||
| 100 |
_aCoughlin R.F. _9149564 |
||
| 245 | _aOperational Amplifiers And Linear Integrated Circuits | ||
| 260 |
_c1987 _bPrentice Hall Of India |
||
| 300 |
_a453 _dRef 929 E (4018) |
||
| 365 | _cRs. | ||
| 500 | _a929 E | ||
| 700 | _aCoughlin R.F. & Driscoll F.F. | ||
| 906 |
_dB:23-Dec-1994 _cETC |
||
| 999 |
_c292913 _d292913 |
||